[Event "Titled Tuesday intern op 12th Dec Early"]
[Site "Chess.com INT"]
[Date "2023.12.12"]
[Round "8"]
[White "Guzman Lozano, Campo Elias"]
[Black "Klinova, Masha"]
[Result "0-1"]
[WhiteElo "1837"]
[BlackElo "2234"]
[PlyCount "104"]
[EventDate "2023.12.12"]
[EventType "swiss (blitz)"]
[EventRounds "11"]
[EventCountry "USA"]
[SourceTitle "CB51_2023"]
[SourceDate "2023.12.20"]
[SourceVersion "1"]
[SourceVersionDate "2023.12.20"]
[SourceQuality "1"]

1. e4 d6 2. d4 Nf6 3. Nc3 g6 4. f3 a6 5. Bg5 b5 6. Qd2 Nbd7 7. h4 h6 8. Be3 Bg7 9. Nh3 Bb7 10. Nf2 c5 11. dxc5 dxc5 12. Rd1 Qc7 13. g4 e6 14. Bf4 e5 15. Be3 Nb6 16. Qd6 Rc8 17. Qxc7 Rxc7 18. Be2 Ke7 19. 0-0 Rd8 20. Rxd8 Kxd8 21. Rd1+ Ke7 22. Nd3 Nfd7 23. Nc1 c4 24. a3 h5 25. g5 f6 26. N1a2 fxg5 27. hxg5 Ke6 28. Nb4 Bf8 29. Nbd5 Nxd5 30. Nxd5 Bxd5 31. Rxd5 Bc5 32. Kf2 Bxe3+ 33. Kxe3 Rc5 34. Rd1 Rc6 35. Bf1 Nc5 36. Bh3+ Ke7 37. Rd5 Na4 38. Rxe5+ Kf7 39. f4 Nxb2 40. f5 c3 41. Kd4 Nc4 42. Rd5 Nxa3 43. Rd7+ Kg8 44. Kd5 Rc4 45. f6 Nxc2 46. Be6+ Kh8 47. f7 Rc8 48. Re7 Rf8 49. Kd6 Nd4 50. Bd5 c2 51. Rc7 b4 52. Ke7 Kg7 0-1

[Event "Titled Tuesday intern op 12th Dec Early"]
[Site "Chess.com INT"]
[Date "2023.12.12"]
[Round "11"]
[White "Subramanian, Anusha"]
[Black "Klinova, Masha"]
[Result "0-1"]
[WhiteElo "2013"]
[BlackElo "2234"]
[PlyCount "98"]
[EventDate "2023.12.12"]
[EventType "swiss (blitz)"]
[EventRounds "11"]
[EventCountry "USA"]
[SourceTitle "CB51_2023"]
[SourceDate "2023.12.20"]
[SourceVersion "1"]
[SourceVersionDate "2023.12.20"]
[SourceQuality "1"]

1. e4 d6 2. d4 Nf6 3. Bd3 e5 4. dxe5 dxe5 5. Nf3 Bd6 6. h3 0-0 7. Be3 Nbd7 8. Nc3 Nc5 9. Bxc5 Bxc5 10. Qe2 Re8 11. 0-0-0 c6 12. g4 Qe7 13. g5 Nd7 14. h4 b5 15. h5 Nb6 16. g6 Be6 17. gxh7+ Kh8 18. Nxe5 Qg5+ 19. Qd2 Qxe5 20. f4 Qd4 21. f5 Bc4 22. h6 Bxd3 23. hxg7+ Qxg7 24. cxd3 b4 25. Ne2 Rad8 26. d4 Bxd4 27. Nxd4 c5 28. Rdg1 Qxd4 29. Qg2 Qe3+ 30. Kb1 Qxe4+ 31. Qxe4 Rxe4 32. Rg5 Nd5 33. Rhg1 Nf6 34. Rg7 Rf8 35. a3 Rh4 36. axb4 cxb4 37. R7g3 Rxh7 38. Rb3 a5 39. Rg4 Nxg4 40. Rg3 Rh4 41. Kc2 Kg7 42. Kd3 Kf6 43. Ke4 Rc8 44. Kf3 Ne5+ 45. Kf2 Rc2+ 46. Ke3 Rxb2 47. Rg8 Rb3+ 48. Ke2 Rh2+ 49. Kd1 Rb1# 0-1

[Event "Titled Tuesday intern op 15th Aug Late"]
[Site "Chess.com INT"]
[Date "2023.08.15"]
[Round "5"]
[White "Sargsyan, Anna M"]
[Black "Klinova, Masha"]
[Result "0-1"]
[WhiteElo "2354"]
[BlackElo "2249"]
[PlyCount "160"]
[EventDate "2023.08.15"]
[EventType "swiss (blitz)"]
[EventRounds "11"]
[EventCountry "USA"]
[SourceTitle "EXT 2024"]
[Source "ChessBase"]
[SourceDate "2023.10.10"]
[SourceVersion "1"]
[SourceVersionDate "2023.10.10"]
[SourceQuality "1"]

1. e4 d6 2. d4 Nf6 3. Nc3 g6 4. f4 Bg7 5. h3 0-0 6. Nf3 c5 7. Be3 cxd4 8. Nxd4 Nc6 9. Be2 Bd7 10. 0-0 a6 11. Qd2 Qc7 12. Rad1 Nxd4 13. Bxd4 Bc6 14. Bf3 e5 15. Be3 Rfd8 16. Qf2 Nd7 17. f5 Rf8 18. Nd5 Bxd5 19. Rxd5 Nf6 20. Rd2 gxf5 21. exf5 e4 22. Be2 d5 23. Rfd1 Rfe8 24. c3 Qc6 25. Qg3 Kh8 26. Bd4 Rg8 27. Qe3 Rad8 28. Kh1 Ne8 29. c4 Bxd4 30. Rxd4 Nf6 31. cxd5 Qd6 32. Rc1 Qe5 33. d6 Rg3 34. Qf2 e3 35. Qf4 Qxf4 36. Rxf4 Rxd6 37. Bf3 b5 38. a4 Rg8 39. axb5 axb5 40. Rb4 Re8 41. Rxb5 e2 42. Re1 Rd1 43. Rxd1 exd1Q+ 44. Bxd1 Re1+ 45. Kh2 Rxd1 46. g4 h6 47. Kg3 Rd3+ 48. Kg2 Kg7 49. b4 Rb3 50. Rb8 Nd5 51. b5 Nf4+ 52. Kf2 Nxh3+ 53. Ke2 Nf4+ 54. Kd2 Nd5 55. Kc2 Rb4 56. Kd3 Kf6 57. Rh8 Kg5 58. Rg8+ Kf4 59. Rh8 Rxb5 60. Rxh6 Kxg4 61. Rh7 Rb7 62. Kd4 Nf6 63. Rh1 Kxf5 64. Rf1+ Ke6 65. Re1+ Kd6 66. Rf1 Rb4+ 67. Kc3 Nd5+ 68. Kd3 f6 69. Rh1 Ra4 70. Rh8 Ke5 71. Rh5+ Ke6 72. Rh8 Nf4+ 73. Ke3 Ke5 74. Kf3 Kf5 75. Rh4 Ra3+ 76. Kf2 Ke4 77. Rh8 Ra2+ 78. Kg3 Rg2+ 79. Kh4 Rh2+ 80. Kg4 Rxh8 0-1

[Event "Titled Tuesday intern op 13th Jun Late"]
[Site "Chess.com INT"]
[Date "2023.06.13"]
[Round "5"]
[White "Musovic, Armin"]
[Black "Klinova, Masha"]
[Result "1-0"]
[WhiteElo "2265"]
[BlackElo "2252"]
[PlyCount "45"]
[EventDate "2023.06.13"]
[EventType "swiss (blitz)"]
[EventRounds "11"]
[EventCountry "USA"]
[SourceTitle "EXT 2024"]
[Source "ChessBase"]
[SourceDate "2023.10.10"]
[SourceVersion "1"]
[SourceVersionDate "2023.10.10"]
[SourceQuality "1"]

1. a3 g6 2. Nc3 Bg7 3. e4 Nf6 4. e5 Ng8 5. d4 d6 6. f4 c5 7. dxc5 dxe5 8. Qxd8+ Kxd8 9. Bd2 Nc6 10. 0-0-0 Bd7 11. Nf3 exf4 12. Bxf4 e5 13. Bg5+ f6 14. Bh4 Nge7 15. Bc4 g5 16. Be6 gxh4 17. Rxd7+ Ke8 18. Rxb7 Rd8 19. Ne4 Kf8 20. Rf1 f5 21. Bxf5 Nxf5 22. Nxh4 Bh6+ 23. Kb1 1-0

[Event "Titled Tuesday intern op 15th Feb Early"]
[Site "Chess.com INT"]
[Date "2022.02.15"]
[Round "7"]
[White "Klinova, Masha"]
[Black "Ardila, Oscar Humberto"]
[Result "1-0"]
[WhiteElo "2255"]
[BlackElo "1988"]
[PlyCount "67"]
[EventDate "2022.02.15"]
[EventType "swiss (blitz)"]
[EventRounds "11"]
[EventCountry "USA"]
[SourceTitle "CBM 206 Extra"]
[Source "ChessBase"]
[SourceDate "2022.03.31"]
[SourceVersion "1"]
[SourceVersionDate "2022.03.31"]
[SourceQuality "1"]

1. e4 e5 2. Nf3 Nf6 3. Nc3 Nc6 4. Bb5 Bb4 5. d3 d6 6. 0-0 Bxc3 7. bxc3 0-0 8. Bxc6 bxc6 9. h3 h6 10. c4 c5 11. Rb1 Qe7 12. Nh2 g5 13. c3 Kg7 14. f3 Bd7 15. d4 Rfb8 16. Be3 Rb6 17. dxc5 dxc5 18. Qd2 Be6 19. Rb5 Bxc4 20. Bxc5 Qe6 21. Bxb6 axb6 22. Rb2 Bxf1 23. Nxf1 Qc4 24. Ne3 Qc5 25. Kh2 Kg6 26. c4 Ra3 27. Nf5 Ra8 28. Rb5 Qxc4 29. Rxe5 Qxa2 30. Qc3 Qf2 31. Ne7+ Kg7 32. Rf5 Ra2 33. Qxf6+ Kf8 34. Qxf7# 1-0

[Event "EU-chT (Women) 23rd"]
[Site "Terme Catez"]
[Date "2021.11.19"]
[Round "7.2"]
[White "Hapala, Elisabeth"]
[Black "Klinova, Masha"]
[Result "0-1"]
[WhiteElo "2139"]
[BlackElo "2264"]
[PlyCount "58"]
[EventDate "2021.11.12"]
[EventType "team-swiss"]
[EventRounds "9"]
[EventCountry "SLO"]
[SourceTitle "CBM 205"]
[Source "ChessBase"]
[SourceDate "2021.12.31"]
[SourceVersion "1"]
[SourceVersionDate "2021.12.31"]
[SourceQuality "1"]
[WhiteTeam "Austria (W)"]
[BlackTeam "Israel (W)"]
[WhiteTeamCountry "AUT"]
[BlackTeamCountry "ISR"]

1. e4 d6 2. d4 g6 3. Nc3 Bg7 4. Be3 a6 5. Qd2 b5 6. h4 h5 7. f3 Nd7 8. Nh3 Ngf6 9. Ng5 Bb7 10. 0-0-0 e6 11. Kb1 Qe7 12. a3 Rc8 13. d5 exd5 14. exd5 Ne5 15. Bd4 0-0 16. g4 c5 17. dxc6 Bxc6 18. gxh5 Nxh5 19. Bh3 Rb8 20. Rhe1 Qb7 21. Nce4 Bxe4 22. fxe4 Qe7 23. Bg4 Nxg4 24. Bxg7 Kxg7 25. Qxd6 Qxd6 26. Rxd6 a5 27. Rd7 Kg8 28. Rf1 Ne5 29. Ra7 a4 0-1

[Event "EU-chT (Women) 23rd"]
[Site "Terme Catez"]
[Date "2021.11.18"]
[Round "6.2"]
[White "Klinova, Masha"]
[Black "Cosma, Elena Luminita"]
[Result "1/2-1/2"]
[WhiteElo "2264"]
[BlackElo "2281"]
[PlyCount "63"]
[EventDate "2021.11.12"]
[EventType "team-swiss"]
[EventRounds "9"]
[EventCountry "SLO"]
[SourceTitle "CBM 205"]
[Source "ChessBase"]
[SourceDate "2021.12.31"]
[SourceVersion "1"]
[SourceVersionDate "2021.12.31"]
[SourceQuality "1"]
[WhiteTeam "Israel (W)"]
[BlackTeam "Romania (W)"]
[WhiteTeamCountry "ISR"]
[BlackTeamCountry "ROU"]

1. e4 e6 2. d3 d5 3. Nd2 Nf6 4. Ngf3 a5 5. a4 b6 6. Be2 Be7 7. 0-0 0-0 8. c3 Ba6 9. Re1 c5 10. e5 Nfd7 11. d4 Nc6 12. Nb3 Qc8 13. Bg5 h6 14. Bxe7 Nxe7 15. Qd2 Bxe2 16. Rxe2 Qc7 17. Qe3 Nf5 18. Qf4 f6 19. Qg4 Rae8 20. Rae1 cxd4 21. Nbxd4 Nxd4 22. Qxd4 f5 23. c4 Qxc4 24. Qxc4 dxc4 25. Rc2 Nc5 26. Rxc4 Rd8 27. h4 Rd5 28. Rb1 Rfd8 29. b4 axb4 30. Rcxb4 Rd1+ 31. Rxd1 Rxd1+ 32. Kh2 1/2-1/2

[Event "EU-chT (Women) 23rd"]
[Site "Terme Catez"]
[Date "2021.11.16"]
[Round "5.2"]
[White "Urh, Zala"]
[Black "Klinova, Masha"]
[Result "1/2-1/2"]
[WhiteElo "2332"]
[BlackElo "2264"]
[PlyCount "95"]
[EventDate "2021.11.12"]
[EventType "team-swiss"]
[EventRounds "9"]
[EventCountry "SLO"]
[SourceTitle "CBM 205"]
[Source "ChessBase"]
[SourceDate "2021.12.31"]
[SourceVersion "1"]
[SourceVersionDate "2021.12.31"]
[SourceQuality "1"]
[WhiteTeam "Slovenia (W)"]
[BlackTeam "Israel (W)"]
[WhiteTeamCountry "SLO"]
[BlackTeamCountry "ISR"]

1. d4 d6 2. Nf3 g6 3. c4 Bg7 4. Nc3 Nc6 5. d5 Ne5 6. Nxe5 Bxe5 7. g3 Bg7 8. Bg2 Nf6 9. 0-0 0-0 10. e4 e5 11. Rb1 a5 12. a3 Nd7 13. b4 axb4 14. axb4 f5 15. Ne2 Nf6 16. f3 fxe4 17. fxe4 Ng4 18. h3 Rxf1+ 19. Qxf1 Nh6 20. Nc3 Nf7 21. Rb2 Qe7 22. Rf2 Ra1 23. Ra2 Rxa2 24. Nxa2 Bh6 25. Bxh6 Nxh6 26. Qc1 Nf7 27. Qa3 Kg7 28. Qa8 Qd7 29. Nc3 Ng5 30. h4 Nh3+ 31. Kh2 Nf2 32. Qa7 Nd3 33. Nb5 c6 34. dxc6 bxc6 35. Qxd7+ Bxd7 36. Nxd6 Nxb4 37. Bh3 Bxh3 38. Kxh3 Kf6 39. Kg4 Nd3 40. Nb7 h5+ 41. Kf3 Ke6 42. Ke2 Nc1+ 43. Ke3 Nb3 44. Nd8+ Kd7 45. Nf7 Ke6 46. Nd8+ Kd7 47. Nf7 Ke6 48. Nd8+ 1/2-1/2

[Event "Online Olym Div2 C"]
[Site "Chess.com INT"]
[Date "2021.09.04"]
[Round "8.5"]
[White "Silva, Mariana Sofia Teixe"]
[Black "Klinova, Masha"]
[Result "0-1"]
[WhiteElo "1933"]
[BlackElo "2263"]
[PlyCount "110"]
[EventDate "2021.09.02"]
[EventType "team (rapid)"]
[EventRounds "9"]
[EventCountry "USA"]
[SourceTitle "CBM 204 Extra"]
[Source "ChessBase"]
[SourceDate "2021.11.30"]
[SourceVersion "1"]
[SourceVersionDate "2021.11.30"]
[SourceQuality "1"]
[WhiteTeam "Portugal"]
[BlackTeam "Israel"]
[WhiteTeamCountry "POR"]
[BlackTeamCountry "ISR"]

1. Nf3 g6 2. g3 Bg7 3. Bg2 Nf6 4. d4 d6 5. b3 0-0 6. Bb2 c6 7. Nbd2 Bf5 8. Nh4 Be6 9. e4 d5 10. e5 Nfd7 11. 0-0 f6 12. f4 a5 13. Qe2 fxe5 14. fxe5 Na6 15. Rxf8+ Nxf8 16. Nhf3 Bh6 17. a3 Qd7 18. c4 Nc7 19. Rf1 Bg4 20. Qf2 Nfe6 21. h3 Bxf3 22. Nxf3 Rf8 23. Qe1 a4 24. cxd5 Nxd5 25. b4 Ne3 26. Rf2 Nxg2 27. Kxg2 Qd5 28. Qe2 Ng5 29. h4 Ne4 30. Rf1 Nd2 31. Rf2 Nc4 32. Bc3 Nxa3 33. Kh2 Nb5 34. Ba1 a3 35. Ng5 Rxf2+ 36. Qxf2 Bxg5 37. hxg5 a2 38. Qe3 Nc7 39. Qa3 Kg7 40. Qe3 Ne6 41. Qf2 Qb3 42. Qe1 Qc2+ 43. Kg1 Qb1 44. Kf2 Qxe1+ 45. Kxe1 Nxg5 46. Kd2 Ne4+ 47. Kc2 Nxg3 48. Kb3 h5 49. d5 cxd5 50. e6+ Kf8 51. Kxa2 Ne2 52. Be5 g5 53. Kb3 g4 54. Kc2 g3 55. Kd3 g2 0-1

[Event "Online Olym Div2 C"]
[Site "Chess.com INT"]
[Date "2021.09.02"]
[Round "1.5"]
[White "Agrest, Inna"]
[Black "Klinova, Masha"]
[Result "1/2-1/2"]
[WhiteElo "2256"]
[BlackElo "2263"]
[PlyCount "42"]
[EventDate "2021.09.02"]
[EventType "team (rapid)"]
[EventRounds "9"]
[EventCountry "USA"]
[SourceTitle "CBM 204 Extra"]
[Source "ChessBase"]
[SourceDate "2021.11.30"]
[SourceVersion "1"]
[SourceVersionDate "2021.11.30"]
[SourceQuality "1"]
[WhiteTeam "Sweden"]
[BlackTeam "Israel"]
[WhiteTeamCountry "SWE"]
[BlackTeamCountry "ISR"]

1. e4 d6 2. d4 Nf6 3. Nc3 e5 4. Nf3 exd4 5. Nxd4 Be7 6. h3 0-0 7. Be3 Nc6 8. Qf3 Nxd4 9. Bxd4 Be6 10. Bd3 Nd7 11. Nd5 Bxd5 12. exd5 Bf6 13. Bxf6 Re8+ 14. Kd2 Qxf6 15. Qxf6 Nxf6 16. c4 Ne4+ 17. Bxe4 Rxe4 18. b3 Rae8 19. Rae1 g5 20. Rxe4 Rxe4 21. a4 Kg7 1/2-1/2

[Event "Speed Chess (Women) Q8"]
[Site "Chess.com INT"]
[Date "2021.06.06"]
[Round "13"]
[White "Klinova, Masha"]
[Black "Perez Rodriguez, Jennifer"]
[Result "1-0"]
[WhiteElo "2275"]
[BlackElo "2251"]
[PlyCount "125"]
[EventDate "2021.06.06"]
[EventType "swiss (blitz)"]
[EventRounds "13"]
[EventCountry "USA"]
[SourceTitle "CBM 202 Extra"]
[Source "ChessBase"]
[SourceDate "2021.07.31"]
[SourceVersion "1"]
[SourceVersionDate "2021.07.31"]
[SourceQuality "1"]

1. e4 e5 2. Nf3 Nc6 3. Bc4 Nf6 4. d3 Be7 5. Bb3 d6 6. 0-0 0-0 7. c3 h6 8. Nbd2 Nh7 9. d4 Ng5 10. h3 Kh8 11. d5 Nb8 12. c4 f5 13. exf5 Bxf5 14. Nxg5 Bxg5 15. Bc2 Nd7 16. Bxf5 Rxf5 17. Ne4 Bxc1 18. Rxc1 Qh4 19. f3 Raf8 20. c5 dxc5 21. Nxc5 Nxc5 22. Rxc5 R8f7 23. Qc2 Qd4+ 24. Kh1 e4 25. Rd1 Qe3 26. Rc3 Qb6 27. Qxe4 Qxb2 28. Rxc7 Re5 29. Qc2 Qxc2 30. Rxc2 Rd7 31. d6 Re6 32. Rc7 Rdxd6 33. Rxd6 Rxd6 34. Rxb7 Ra6 35. Rb2 Kg8 36. g4 Kf7 37. Kg2 Ke6 38. Kg3 Kd5 39. h4 Kc4 40. Kf4 Kc3 41. Re2 Ra4+ 42. Kf5 Kd3 43. Rb2 Ke3 44. Rb3+ Kf2 45. a3 Kg3 46. h5 Ra6 47. f4+ Kf2 48. g5 Ke2 49. gxh6 Rxh6 50. Rb7 Rxh5+ 51. Kg6 Ra5 52. Rb3 Ra4 53. f5 Rg4+ 54. Kf7 Kd2 55. Rb5 Ke3 56. Ra5 Ke4 57. Ke6 Kf3 58. Rxa7 Re4+ 59. Kf7 Kf4 60. Ra5 Re5 61. Rxe5 Kxe5 62. a4 Kxf5 63. a5 1-0

[Event "Speed Chess (Women) Q8"]
[Site "Chess.com INT"]
[Date "2021.06.06"]
[Round "9"]
[White "Klinova, Masha"]
[Black "Szente Varga, Fruzsina"]
[Result "1-0"]
[WhiteElo "2275"]
[BlackElo "2100"]
[PlyCount "137"]
[EventDate "2021.06.06"]
[EventType "swiss (blitz)"]
[EventRounds "13"]
[EventCountry "USA"]
[SourceTitle "CBM 202 Extra"]
[Source "ChessBase"]
[SourceDate "2021.07.31"]
[SourceVersion "1"]
[SourceVersionDate "2021.07.31"]
[SourceQuality "1"]

1. e4 e5 2. Nf3 Nc6 3. Bc4 Bc5 4. c3 Nf6 5. d3 0-0 6. 0-0 d5 7. exd5 Nxd5 8. Re1 Bg4 9. h3 Bxf3 10. Qxf3 Nb6 11. Bb5 Qd6 12. Nd2 f5 13. b4 Bxb4 14. cxb4 Nxb4 15. Nc4 Nxc4 16. Bxc4+ Kh8 17. Bb2 Nc2 18. Bxe5 Qg6 19. Qxb7 Nxa1 20. Rxa1 c6 21. f4 a5 22. Rb1 Rae8 23. Rb6 Qg3 24. Rb1 Rxe5 25. fxe5 Qxe5 26. Qxc6 f4 27. Qf3 Qd4+ 28. Kh1 h6 29. Qe4 Qf2 30. Qf3 Qd4 31. Rf1 Rf6 32. Qe4 Qb2 33. Bd5 Rf8 34. Qg6 Qe2 35. Rg1 Rf6 36. Qe4 Qxe4 37. Bxe4 Rb6 38. Rc1 g5 39. a4 Rb4 40. Rc4 Rb1+ 41. Kh2 Kg7 42. Rc5 Kf6 43. Rxa5 h5 44. Ra6+ Ke5 45. Rg6 g4 46. hxg4 hxg4 47. Rxg4 Ra1 48. Rg5+ Kd4 49. a5 Ke3 50. Rf5 Ra4 51. Rd5 Ra2 52. Bf3 Ra4 53. Kh3 Ra1 54. Kg4 Rh1 55. a6 Rh7 56. Ra5 Rg7+ 57. Kf5 Rf7+ 58. Ke6 Ra7 59. Bb7 Kxd3 60. Kf5 Ke3 61. Ra2 Kd4 62. Kxf4 Kc5 63. Ke5 Kb6 64. Kd6 Kb5 65. Rb2+ Ka5 66. Kc7 Ka4 67. Kb8 Rxb7+ 68. axb7 Ka3 69. Rf2 1-0

[Event "Speed Chess (Women) Q8"]
[Site "Chess.com INT"]
[Date "2021.06.06"]
[Round "8"]
[White "Komiagina, Maria"]
[Black "Klinova, Masha"]
[Result "1-0"]
[WhiteElo "2241"]
[BlackElo "2275"]
[PlyCount "131"]
[EventDate "2021.06.06"]
[EventType "swiss (blitz)"]
[EventRounds "13"]
[EventCountry "USA"]
[SourceTitle "CBM 202 Extra"]
[Source "ChessBase"]
[SourceDate "2021.07.31"]
[SourceVersion "1"]
[SourceVersionDate "2021.07.31"]
[SourceQuality "1"]

1. e4 d6 2. d4 Nf6 3. Nc3 g6 4. h3 Bg7 5. Be3 0-0 6. Qd2 Nc6 7. 0-0-0 e5 8. d5 Ne7 9. Bh6 a6 10. Bxg7 Kxg7 11. g4 b5 12. Bg2 Bd7 13. f4 exf4 14. Qxf4 Neg8 15. Nf3 Qe7 16. a3 a5 17. Rhe1 Rfe8 18. e5 dxe5 19. Nxe5 b4 20. Nb1 Qf8 21. g5 Nh5 22. Qd4 Rxe5 23. Qxe5+ f6 24. gxf6+ Ngxf6 25. Qd4 Qd6 26. Bf3 Nf4 27. Bg4 Bxg4 28. hxg4 g5 29. Re5 h6 30. Qe3 Rf8 31. axb4 axb4 32. Re7+ Rf7 33. Rxf7+ Kxf7 34. Nd2 N6xd5 35. Qd4 c5 36. Qe4 Qa6 37. Kb1 Qe6 38. Qxe6+ Kxe6 39. Ne4 c4 40. Nc5+ Ke5 41. Na6 b3 42. Rh1 bxc2+ 43. Kxc2 Ne3+ 44. Kc3 Nxg4 45. Kxc4 Ne6 46. Nc5 Nxc5 47. Kxc5 Kf5 48. b4 Kg6 49. b5 Nf6 50. b6 Nd7+ 51. Kc6 Nxb6 52. Kxb6 h5 53. Kc5 h4 54. Kd4 Kf5 55. Ke3 Kg4 56. Kf2 Kf4 57. Kg2 Kg4 58. Re1 h3+ 59. Kh2 Kh4 60. Re4+ g4 61. Rd4 Kh5 62. Kg3 h2 63. Kxh2 Kh4 64. Kg2 Kg5 65. Kg3 Kf5 66. Rxg4 1-0

[Event "Speed Chess (Women) Q8"]
[Site "Chess.com INT"]
[Date "2021.06.06"]
[Round "5"]
[White "Priyanka, K."]
[Black "Klinova, Masha"]
[Result "1-0"]
[WhiteElo "2218"]
[BlackElo "2275"]
[PlyCount "97"]
[EventDate "2021.06.06"]
[EventType "swiss (blitz)"]
[EventRounds "13"]
[EventCountry "USA"]
[SourceTitle "CBM 202 Extra"]
[Source "ChessBase"]
[SourceDate "2021.07.31"]
[SourceVersion "1"]
[SourceVersionDate "2021.07.31"]
[SourceQuality "1"]

1. e4 d6 2. d4 Nf6 3. Nc3 g6 4. Be3 a6 5. f3 b5 6. Qd2 Nbd7 7. h4 h5 8. Nh3 Bb7 9. Ng5 Bg7 10. a4 b4 11. Ne2 a5 12. Nf4 c5 13. Bc4 d5 14. exd5 cxd4 15. Bxd4 0-0 16. d6 e6 17. 0-0 Nb6 18. Bb3 Qxd6 19. Rad1 Nbd5 20. Nd3 Qg3 21. Bf2 Qc7 22. Rfe1 Rad8 23. Qe2 Nf4 24. Nxf4 Qxf4 25. Rxd8 Rxd8 26. Nxf7 Re8 27. Bxe6 Kh7 28. Ng5+ Kh6 29. Be3 Qb8 30. Bc4 Qc8 31. b3 Bc6 32. Qd2 Bf8 33. Ne4+ Kg7 34. Nxf6 Kxf6 35. Qd4+ Re5 36. Bg5+ Kg7 37. Qxe5+ Kh7 38. Qf6 Bg7 39. Qf7 Bxa4 40. Re7 Qh8 41. Qxg7+ Qxg7 42. Rxg7+ Kxg7 43. bxa4 Kf8 44. f4 Ke8 45. Bf6 Kf8 46. Bd4 Ke8 47. Bb6 Kf8 48. Bxa5 Ke8 49. Bxb4 1-0